000 00686nam a2200181 i 4500
001 60564
003 ES-MaACL
007 t|
008 031105s1983 sp ||||1| spa d
100 1 _aEspino Ferrandiz, Consuelo.
_947863
245 1 0 _aRafael Pérez y Pérez
_b: (hacia un análisis estructural de su novela) /
_cConsuelo Espino Ferrandiz.
260 _aAlicante :
_bCaja de Ahorros Provincial de Alicante,
_c1983.
300 _a251 p. ;
_c22 cm.
490 1 _aPublicaciones de la Caja de Ahorros Provincial ;
_v98
830 0 0 _aPublicaciones de la Caja de Ahorros Provincial de Alicante
_v98
_9186986
852 _aES-MaACL
_jL-4273
_bR.105232
999 _c60564
_d60564